| 000 | 00607nam a22002057a 4500 | ||
|---|---|---|---|
| 005 | 20170124105945.0 | ||
| 010 | _aA-953894 | ||
| 020 | _c00.00 | ||
| 037 | _bCen Lib/Ret | ||
| 040 |
_aDPL _bEN |
||
| 082 |
_a230.1 _bSIN |
||
| 100 |
_aM.F. Singh _912143 |
||
| 245 | r |
_aHonest living : _cby M.F. Singh _ba means to an end / |
|
| 260 |
_bRadha Soami Satsang Beas _aPunjab _c1997 |
||
| 270 |
_aP.O. Dera Baba Jaimal Singh, Dist. Amritsar _bPunjab _e143204 |
||
| 300 |
_a80p. _c21m(Hb) |
||
| 650 |
_aRadhasoami Satsang _972103 |
||
| 650 |
_aSikhism _93669 |
||
| 942 |
_2ddc _cEN _h230.1 _mSIN |
||
| 999 |
_c124849 _d124849 |
||